| 000 | 00565nam a2200145 a 4500 | ||
|---|---|---|---|
| 008 | 120416s0000 ||||||||||||||||| || u | ||
| 020 | _a0863532187 | ||
| 050 | _aTK 6570.M6 Con | ||
| 245 | 1 | 0 | _aDigital cordless telephones and PCN |
| 246 | _aproceedings of the conference held in London, May, 1990 | ||
| 260 |
_aLondon _bBlenheim Online _c1990 |
||
| 300 | _aviii, 158p. : ill | ||
| 350 | _a0.00 | ||
| 995 |
_D0.00 _FCBU-MAIN LIBRARY (Kitwe) _H1 _I95.00 _UWEEDED _VJul 26, 2017 _ZMain Library Open Access Collection |
||
| 999 |
_c40160 _d40160 |
||